000
00239nam a2200109Ia 4500
008
240625s9999 xx 000 0 und d
041
_a
eng
082
_a
658.8 KAS
100
_a
KASHYAP PRADEEP
245
_a
RURAL MARKETING
260
_c
2013
999
_c
39052
_d
39052